Ojapali : (Record no. 10361)
[ view plain ]
| 000 -LEADER | |
|---|---|
| fixed length control field | 00644cam a2200205ua 4500 |
| 008 - FIXED-LENGTH DATA ELEMENTS--GENERAL INFORMATION | |
| fixed length control field | 191009n ii |||gr||||Z||||||eng |
| 020 ## - INTERNATIONAL STANDARD BOOK NUMBER | |
| International Standard Book Number | 97893244067336 |
| 040 ## - CATALOGING SOURCE | |
| Transcribing agency | MAIN |
| 082 ## - DEWEY DECIMAL CLASSIFICATION NUMBER | |
| Classification number | 398.0954162 |
| 100 ## - MAIN ENTRY--PERSONAL NAME | |
| Personal name | Sudarshana Baruah ., |
| Relator term | |
| 245 ## - TITLE STATEMENT | |
| Title | Ojapali : |
| Remainder of title | the ancient music tradition of assam, it`s application in vaishnav sattra and classical elements / |
| Statement of responsibility, etc. | By Sudarshana Baruah . |
| 250 ## - EDITION STATEMENT | |
| Edition statement | 1st ed. |
| 260 ## - PUBLICATION, DISTRIBUTION, ETC. | |
| Place of publication, distribution, etc. | Guwahati: |
| Name of publisher, distributor, etc. | Chandra publisher, |
| Date of publication, distribution, etc. | 2017. |
| 300 ## - PHYSICAL DESCRIPTION | |
| Extent | 150p. |
| 942 ## - ADDED ENTRY ELEMENTS (KOHA) | |
| Koha item type | Books |
| 653 ## - INDEX TERM--UNCONTROLLED | |
| Uncontrolled term | Folklore |
| 653 ## - INDEX TERM--UNCONTROLLED | |
| Uncontrolled term | Ancient music tradition of Assam |
| 653 ## - INDEX TERM--UNCONTROLLED | |
| Uncontrolled term | Ancient music tradition of Assam |
| Withdrawn status | Lost status | Damaged status | Not for loan | Home library | Current library | Shelving location | Date acquired | Total Checkouts | Full call number | Barcode | Date last seen | Copy number | Price effective from | Koha item type |
|---|---|---|---|---|---|---|---|---|---|---|---|---|---|---|
| Central Library, Naharkatiya College | Central Library, Naharkatiya College | General Stacks | 19/09/2020 | 398.0954162oBAR | 26338 | 19/09/2020 | 1 | 19/09/2020 | Books | |||||
| Central Library, Naharkatiya College | Central Library, Naharkatiya College | General Stacks | 19/09/2020 | 398.0954162oBAR | 26339 | 19/09/2020 | 2 | 19/09/2020 | Books |
